Open Data Biblioteca Nacional de Portugal


República Portuguesa: Ministério da Cultura
Biblioteca Nacional de Portugal

Catálogo da BNP: acesso por Identificadores Unívocos
Registos Bibliográficos associados ao registo de autoridade

Etiqueta de registo: 00934cas 2200301 450
001 381183
003 http://id.bnportugal.gov.pt/bib/catbnp/381183
100 ## $a19921215a19929999de y0pory01030103ba
101 1# $apor
102 ## $aPT
106 ## $ar
110 ## $aadazz 0uu0
200 1# $aIndiana Jones $ecrónicas da juventude$fpropr. TV Guia Sociedade Editora de Publicações$gdir. Rui Mendonça$gtrad. Alexandra Cruz
207 #0 $aNº 1 (1/15 dez. 1992) - nº 7 (1/15 mar. 1994)
210 #9 $aLisboa$cTV Guia Sociedade Editora de Publicações,$d1992-1994
215 ## $d26 cm
225 2# $aTele BD
317 ## $aColeção Leandro de Moraes Sarmento$5PTBN: L.M.S. 53
326 ## $aQuinzenal
620 ## $dLisboa
675 ## $a087.5(05)$vmed$zpor$3288171
702 #1 $aMendonça,$bRui,$f1949-$4300$330605
702 #1 $aCruz,$bAlexandra,$f1973-$4730$380785
712 02 $aTV Guia Sociedade Editora de Publicações$4650$330607
801 #0 $aPT$bBN$gRPC
966 ## $lBN$mFGREV$pBiblioteca particular Leandro de Moraes Sarmento$sL.M.S. 53 $x3
966 ## $lBN$mFGREV$sP.P. 20905 V.

OpendataBNP@bnportugal.pt | Mais informação sobre acesso aos dados BNP